000 00725nam a2200289Ia 4500
005 20260324143303.0
008 008 260324s9999 xx 000 0 eng d
020 _a9781315831602
037 _aEBOOK
040 _aCRL
040 _beng
040 _cCRL
041 _2eng
041 _aeng
084 _qCRL
100 _a Baglin Jones, Eileen; Jones, Neville
_91215094
245 0 _aLearning to Behave
245 0 _bCurriculum and Whole School Management Approaches to Discipline
260 _bTaylor and Francis
260 _c1992
365 _a
365 _b300
856 _uhttp://www.taylorfrancis.com/books/9781315831602
942 _cEBOOK
999 _c1820285
_d1820285